Alabama County Scramble - Statistics

General Stats
  • This quiz has been taken 16 times
  • The average score is 16 of 34
Answer Stats
County % Correct
Bibb
100%
Dallas
100%
Washington
100%
Fayette
80%
Hale
80%
Bullock
75%
Clay
75%
Lamar
75%
Lee
75%
Pike
75%
Talladega
75%
Cherokee
67%
Cleburne
67%
DeKalb
67%
Geneva
67%
Greene
67%
Henry
67%
Lawrence
67%
Monroe
67%
Tuscaloosa
67%
Chambers
60%
Shelby
60%
Barbour
57%
Autauga
50%
Baldwin
50%
Chilton
50%
Choctaw
50%
Colbert
50%
Dale
50%
Elmore
50%
Franklin
50%
Houston
50%
Mobile
50%
Montgomery
50%
Pickens
50%
Randolph
50%
Russell
50%
St. Clair
50%
Perry
43%
Conecuh
40%
Coosa
40%
Cullman
40%
Macon
40%
Walker
40%
Butler
33%
Clarke
33%
Coffee
33%
Crenshaw
33%
Escambia
33%
Etowah
33%
Jefferson
33%
Madison
33%
Marion
33%
Marshall
33%
Morgan
33%
Wilcox
33%
Sumter
29%
Calhoun
25%
Covington
25%
Jackson
25%
Tallapoosa
25%
Limestone
20%
Blount
0%
Lauderdale
0%
Lowndes
0%
Marengo
0%
Winston
0%
No matching quizzes found
Score Distribution
Percent of People with Each Score
Percentile by Number Answered
Your Score History
You have not taken this quiz